000 00321nam a22001337a 4500
020 _a0-7214-1626-8
082 _a823
_bMUR/R
100 _aMURRAY WILLIAM
245 _aTHE BIG SECRET
_bREAD WITH ME - KEY WORDS READING SCHEME
260 _aUK
_bLADY BIRD
300 _a41
650 _aENGLISH SHORT STORY
_zUK
942 _cBK
999 _c2346
_d2346